Las soldadesas /

Kaydedildi:
Detaylı Bibliyografya
Yazar: Pirro, Ugo (autor)
Diğer Yazarlar: Domínguez, Iñigo (prólogo) (prólogo)
Materyal Türü: Kitap
Dil:İspanyolca
Baskı/Yayın Bilgisi: Madrid, España : Altamarea, 2018, c2018
Seri Bilgileri:(Narrativa Altamarea ; 3)
Konular:
Etiketler: Etiketle
Etiket eklenmemiş, İlk siz ekleyin!

MARC

LEADER 00000nam^a2200000^a^4500
001 000437703
005 20250521000000.0
009 20260310123227.142
020 |a 978-84-948335-4-0 
037 |a Acervo ITESO - Biblioteca 
041 |a ESP 
082 |a 853.  |b PIR 
100 |a Pirro, Ugo  |e (autor) 
245 1 4 |a Las soldadesas /  |c U. Pirro ; pról. de I. Domínguez ; tr. por Gerardo Matallana Medina. 
264 4 |a Madrid, España :  |b Altamarea,  |c 2018, c2018 
300 |a 164 p. 
336 |a texto  |b txt  |2 rdacontenido 
337 |a sin mediación  |b n  |2 rdamedio 
338 |a volumen  |b nc  |2 rdasoporte 
440 1 |a (Narrativa Altamarea ;  |v 3) 
500 |a Traducción de: Le soldatesse 
521 |a FIL 2021 DIA 
521 |a FIL 2024 DIA, 1 ejemplar 
649 |a XX 
650 |a Militares en la Literatura 
650 |a Militares Italianos -  |z Grecia -  |x Historia -  |y Ocupación del Eje Fascista, 1941-1944 
650 |a Prostitutas en la Literatura 
650 |a Prostitutas Griegas -  |x Historia -  |y Ocupación del Eje Fascista, 1941-1944 
650 |a Mujeres Griegas -  |x Historia -  |y Ocupación del Eje Fascista, 1941-1944 
650 |a Fuerzas Armadas en la Literatura 
650 |a Fuerzas Armadas -  |z Italia -  |x Historia -  |y Régimen Fascista, 1922-1943 
650 |a Novela Política -  |z Italia 
650 |a Novela Italiana 
650 |a Literatura y Política -  |z Italia 
650 |a Prostitución -  |z Grecia -  |x Historia -  |y Ocupación del Eje Fascista, 1941-1944 
650 |a Grecia en la Literatura 
650 |a Grecia -  |x Historia -  |y Ocupación del Eje Fascista, 1941-1944 -  |x Tema Principal 
650 |a Grecia -  |x Historia -  |y Jorge II, 1935-1947 
650 |a Grecia -  |x Historia -  |y Restauración Monárquica, 1935-1967 
650 |a Grecia -  |x Historia -  |y Siglo XX 
650 |a Italia -  |x Historia -  |y Régimen Fascista, 1922-1943 -  |x Tema Principal 
650 |a Italia -  |x Historia -  |y Víctor Manuel III, 1900-1946 
650 |a Italia -  |x Historia -  |y Reino, 1861-1946 
650 |a Italia -  |x Historia -  |y Siglo XX 
650 |a Guerra Mundial (Segunda), 1939-1945 -  |x Historia -  |x Campañas 
650 |a Guerra Mundial (Segunda), 1939-1945 -  |x Historia -  |x Tema Principal 
700 |a Domínguez, Iñigo  |e (prólogo) 
910 |a Fondo General 
920 |a Impresos - Libros 
930 |a Colección General 
940 |a Literatura 
905 |a 101 
901 |a 0500356807  |b IT1  |c LIT  |i C176939  |u 20250521 
901 |a 437703-20  |b IT1  |c LIT  |i C188381  |u 20250521 
902 |a https://opac.biblio.iteso.mx/vufind/Record/000437703